[Event "Mollerussa op-B"]
[Site "Mollerusa"]
[Date "1997.??.??"]
[Round "2"]
[White "Rius Roca, Francisco"]
[Black "Miralles Rullo, Jose"]
[Result "0-1"]
[WhiteElo "1860"]
[BlackElo "1935"]
[PlyCount "69"]
[EventDate "1997.??.??"]
[EventType "swiss"]
[EventRounds "8"]
[EventCountry "ESP"]
[SourceTitle "EXT 2003"]
[Source "ChessBase"]
[SourceDate "2002.11.25"]
[SourceVersion "1"]
[SourceVersionDate "2002.11.25"]
[SourceQuality "1"]

1. e4 c5 2. Nf3 Nc6 3. d4 cxd4 4. Nxd4 Nxd4 5. Qxd4 d6 6. Bb5+ Bd7 7. Bxd7+ Qxd7 8. 0-0 e5 9. Qd3 Be7 10. Nc3 Nf6 11. h3 0-0 12. f4 Rad8 13. Nd5 Rfe8 14. Nxe7+ Rxe7 15. c4 Qc6 16. fxe5 Rxe5 17. Rxf6 gxf6 18. Bh6 Qxe4 19. Qg3+ Qg6 20. Bf4 Qxg3 21. Bxg3 Re2 22. b3 d5 23. Bc7 Rd7 24. Kf1 Rc2 25. Bf4 Kg7 26. cxd5 Rxd5 27. Be3 Ra5 28. b4 Raxa2 29. Rxa2 Rxa2 30. Bc5 Kg6 31. Kg1 b5 32. Kh2 a5 33. bxa5 Rxa5 34. Kg3 Ra4 35. Kf3 0-1